| 000 | 00488nam a2200193Ia 4500 | ||
|---|---|---|---|
| 005 | 20250508151107.0 | ||
| 008 | 008 250505s9999 xx 000 0 eng d | ||
| 037 | _aTextual | ||
| 040 |
_aFEDL _beng _cFEDL |
||
| 041 |
_aeng _2eng |
||
| 084 |
_a370, STR _qFEDL |
||
| 100 |
_aStrebel Ralph F. _9758406 |
||
| 245 | 0 | _aEducation-keystone of peace | |
| 260 | _c1947 | ||
| 300 | _axvi,209p. | ||
| 650 | _aEducation | ||
| 942 |
_cTEXL _h370, STR |
||
| 999 |
_c1327548 _d1327548 |
||